[Event "Quebec-ch"]
[Site "Montreal CAN"]
[Date "1988.06.11"]
[Round "3"]
[White "Roy, Alain"]
[Black "Ivanov, Igor V"]
[Result "0-1"]
[WhiteElo "2129"]
[BlackElo "2505"]
[PlyCount "122"]
[GameId "2160767912586206"]
[EventDate "1988.06.09"]
[EventType "tourn"]
[EventRounds "11"]
[EventCountry "CAN"]
[EventCategory "1"]
[SourceTitle "EXT 88b"]

1. d4 Nf6 2. Nf3 d6 3. Nc3 Bf5 4. Bg5 Nbd7 5. e3 h6 6. Bxf6 Nxf6 7. Bd3 Bxd3 8. Qxd3 c6 9. e4 e6 10. O-O Be7 11. Rfe1 O-O 12. Ne2 d5 13. e5 Nd7 14. c3 c5 15. Nf4 Qb6 16. Re2 Rfc8 17. h4 cxd4 18. cxd4 Qa6 19. Qxa6 bxa6 20. Nd3 a5 21. Rc1 Rxc1+ 22. Nxc1 Rc8 23. Nd3 a4 24. Kf1 a3 25. Ke1 Nb6 26. b3 a5 27. Kd1 a4 28. Rc2 axb3 29. axb3 Ra8 30. Nc1 Kh7 31. Na2 Kg6 32. Rc7 Nc8 33. Kc2 Kf5 34. Kd3 Kg4 35. Rb7 Ra7 36. Rb8 Rc7 37. b4 Bxh4 38. Nxh4 Kxh4 39. b5 Ne7 40. Ra8 Nf5 41. Ra4 Kg4 42. Nc3 Nh4 43. g3 Nf5 44. Rxa3 Rc4 45. Ne2 Rb4 46. Ra7 Rxb5 47. Rxf7 Rb3+ 48. Nc3 h5 49. Ra7 Rb6 50. Ra8 Kf3 51. Rh8 Kxf2 52. Rxh5 Nxg3 53. Rh7 Rb7 54. Rh8 Rf7 55. Re8 Rf3+ 56. Kc2 Nf5 57. Nb5 g5 58. Rxe6 g4 59. Rg6 g3 60. Nc3 g2 61. Ne2 Nh4 0-1

[Event "Quebec-ch"]
[Site "Montreal CAN"]
[Date "1988.06.13"]
[Round "5"]
[White "Auger, Bertrand"]
[Black "Ivanov, Igor V"]
[Result "1/2-1/2"]
[WhiteElo "1969"]
[BlackElo "2505"]
[PlyCount "109"]
[GameId "2160767912586213"]
[EventDate "1988.06.09"]
[EventType "tourn"]
[EventRounds "11"]
[EventCountry "CAN"]
[EventCategory "1"]
[SourceTitle "EXT 88b"]

1. Nf3 c5 2. c4 Nf6 3. Nc3 g6 4. g3 Bg7 5. Bg2 O-O 6. O-O d5 7. cxd5 Nxd5 8. Nxd5 Qxd5 9. d3 Nc6 10. Bf4 Qd7 11. Qd2 b6 12. Ne5 Bxe5 13. Bxe5 Bb7 14. Bc3 a5 15. b3 Rfd8 16. Rac1 f6 17. Rfd1 Nb4 18. Bxb7 Qxb7 19. Qb2 Qd5 20. d4 Rac8 21. Qb1 c4 22. e4 Qb5 23. bxc4 Qxc4 24. Be1 Qxa2 25. Rxc8 Rxc8 26. Bxb4 Qxb1 27. Rxb1 axb4 28. Rxb4 Rb8 29. Kf1 Kf7 30. Ke2 Ke6 31. Kd3 Kd6 32. Rb5 Kc6 33. Kc4 Ra8 34. d5+ Kb7 35. Rb2 Ra4+ 36. Kd3 Ra3+ 37. Kc4 Rf3 38. Ra2 g5 39. Rb2 h5 40. Ra2 h4 41. Re2 h3 42. e5 Kc7 43. exf6 exf6 44. Re7+ Kd6 45. Re6+ Kd7 46. Re2 g4 47. Kd4 f5 48. Kc4 Ra3 49. Re5 Ra1 50. Rxf5 Rh1 51. f3 Rxh2 52. fxg4 Rg2 53. Rh5 Rxg3 54. g5 Kd6 55. g6 1/2-1/2

[Event "Quebec-ch"]
[Site "Montreal CAN"]
[Date "1988.06.20"]
[Round "10"]
[White "Duong, Thanh Nha"]
[Black "Ivanov, Igor V"]
[Result "0-1"]
[WhiteElo "2136"]
[BlackElo "2505"]
[PlyCount "182"]
[GameId "2160767912586244"]
[EventDate "1988.06.09"]
[EventType "tourn"]
[EventRounds "11"]
[EventCountry "CAN"]
[EventCategory "1"]
[SourceTitle "EXT 88b"]

1. d4 Nf6 2. c4 c5 3. d5 b5 4. a4 b4 5. Nd2 e5 6. e4 d6 7. Bd3 g6 8. Ne2 Bh6 9. Nf3 Bxc1 10. Qxc1 Bg4 11. Qe3 Nh5 12. h3 Bxf3 13. Qxf3 Nd7 14. g4 Ng7 15. Qe3 Qh4 16. Qg3 Qxg3 17. fxg3 h5 18. g5 h4 19. g4 Nf8 20. Ng1 Nh7 21. Nf3 Ke7 22. O-O b3 23. Ra3 Rab8 24. Kg2 Ne8 25. Rc1 Nc7 26. Rc3 Rb4 27. Raxb3 Rhb8 28. Rxb4 Rxb4 29. b3 Na6 30. Bc2 Rb8 31. Re3 Rh8 32. Re2 Nb4 33. Bb1 Kd7 34. Kf2 f6 35. gxf6 g5 36. Ke3 Rf8 37. Rf2 Rxf6 38. Ne1 Rf4 39. Nf3 Ke7 40. Rd2 Kf6 41. Rd1 Nf8 42. Re1 Kg6 43. Rh1 Kh6 44. Nd2 Ng6 45. Rh2 Rf8 46. Rh1 Nf4 47. Rh2 Rb8 48. Rh1 Kg7 49. Rh2 Kf6 50. Rh1 Ke7 51. Rh2 Kd7 52. Rh1 Kc7 53. Nf3 Nc6 54. Nxg5 Rxb3+ 55. Kd2 Nd4 56. Rf1 Kb6 57. Nf7 Kc7 58. Ng5 Rb2+ 59. Kc3 Rh2 60. a5 Kd7 61. Bd3 Rg2 62. Bb1 Ke7 63. a6 Rg3+ 64. Kd2 Ra3 65. Kc1 Rxa6 66. Nf3 Nxf3 67. Rxf3 Ra4 68. Kd2 Kf6 69. Rc3 Kg5 70. Bc2 Ra1 71. Bd1 a5 72. Rb3 a4 73. Rb6 Nxh3 74. Rxd6 Nf2 75. Bf3 h3 76. Re6 Kf4 77. Rf6+ Kg3 78. g5 Ra2+ 79. Kc1 Nd3+ 80. Kb1 Rb2+ 81. Ka1 Rg2 82. g6 Nf4 83. Bd1 h2 84. g7 h1=Q 85. g8=Q+ Kf2 86. Qb8 Qxd1+ 87. Qb1 Qd4+ 88. Qb2+ Ke3 89. Qxd4+ Kxd4 90. d6 Kxc4 91. Rf5 Kb3 0-1

[Event "Quebec op"]
[Site "Montreal CAN"]
[Date "1987.07.26"]
[Round "1"]
[White "Ivanov, Igor V"]
[Black "Lagasse, Pascal"]
[Result "1-0"]
[WhiteElo "2488"]
[BlackElo "1935"]
[PlyCount "93"]
[GameId "2160767912583860"]
[EventDate "1987.07.26"]
[EventType "swiss"]
[EventRounds "8"]
[EventCountry "CAN"]
[SourceTitle "EXT 2022"]
[Source "ChessBase"]
[SourceDate "2021.10.06"]
[SourceVersion "1"]
[SourceVersionDate "2021.10.06"]
[SourceQuality "1"]

1. e4 c5 2. Nf3 d6 3. d4 cxd4 4. Nxd4 Nf6 5. Nc3 g6 6. Be3 Bg7 7. f3 O-O 8. Qd2 Nc6 9. g4 Nxd4 10. Bxd4 Be6 11. O-O-O Qa5 12. a3 Rfc8 13. h4 Rab8 14. h5 b5 15. hxg6 fxg6 16. g5 b4 17. Nb5 Nh5 18. Bxg7 Nxg7 19. Qxb4 Qxb4 20. axb4 Bc4 21. Nxa7 Rc7 22. Bxc4+ Rxc4 23. b5 Rc7 24. Nc6 Rxb5 25. Rd5 Rb6 26. Nd4 Ra7 27. Kb1 Rab7 28. b3 e5 29. Ne2 Ne6 30. Rg1 Kg7 31. Kb2 Rf7 32. Rg3 Rfb7 33. Ra5 Rf7 34. Ra8 Rfb7 35. Rc8 Kf7 36. Nc3 Kg7 37. Nd5 Ra6 38. c3 Kf7 39. b4 Kg7 40. Rg1 Kf7 41. Ne3 Kg7 42. Nc4 Rba7 43. Kb3 Rb7 44. Rd1 Nxg5 45. Nxd6 Rba7 46. Ne8+ Kf7 47. Nc7 1-0

[Event "Quebec op"]
[Site "Montreal CAN"]
[Date "1987.07.27"]
[Round "2"]
[White "David, Eric"]
[Black "Ivanov, Igor V"]
[Result "0-1"]
[WhiteElo "1978"]
[BlackElo "2488"]
[PlyCount "46"]
[GameId "2160767912583867"]
[EventDate "1987.07.26"]
[EventType "swiss"]
[EventRounds "8"]
[EventCountry "CAN"]
[SourceTitle "EXT 2022"]
[Source "ChessBase"]
[SourceDate "2021.10.06"]
[SourceVersion "1"]
[SourceVersionDate "2021.10.06"]
[SourceQuality "1"]

1. d4 Nf6 2. c4 e6 3. e3 d5 4. Be2 c6 5. Nf3 Bb4+ 6. Bd2 Be7 7. O-O dxc4 8. Qc2 b5 9. a4 Bb7 10. Nc3 a6 11. e4 Nbd7 12. Rfe1 O-O 13. Rad1 Rc8 14. Bf4 Re8 15. Ne5 Nxe5 16. Bxe5 Qb6 17. h3 Rcd8 18. Bf3 h6 19. Rd2 c5 20. Red1 Nd7 21. Bf4 cxd4 22. Rxd4 Bc6 23. Be3 Bc5 0-1

[Event "Quebec op"]
[Site "Montreal CAN"]
[Date "1987.07.27"]
[Round "3"]
[White "Ivanov, Igor V"]
[Black "Spraggett, Grant"]
[Result "1-0"]
[WhiteElo "2488"]
[BlackElo "2267"]
[PlyCount "51"]
[GameId "2160767912583879"]
[EventDate "1987.07.26"]
[EventType "swiss"]
[EventRounds "8"]
[EventCountry "CAN"]
[SourceTitle "EXT 2022"]
[Source "ChessBase"]
[SourceDate "2021.10.06"]
[SourceVersion "1"]
[SourceVersionDate "2021.10.06"]
[SourceQuality "1"]

1. d4 Nf6 2. Nf3 g6 3. Bg5 Bg7 4. Nbd2 c5 5. Bxf6 Bxf6 6. Ne4 Qb6 7. Nxf6+ Qxf6 8. e4 cxd4 9. e5 Qf5 10. Qxd4 Qxc2 11. Bd3 Qc7 12. O-O Nc6 13. Qf4 d5 14. Rac1 Qb6 15. Rc3 Be6 16. Rfc1 a6 17. h4 h6 18. a3 Kd7 19. b4 Rac8 20. Rc5 Na7 21. Nd4 Rxc5 22. bxc5 Qc7 23. Bc2 Nc6 24. Ba4 h5 25. Rb1 f6 26. Rxb7 1-0

[Event "Quebec op"]
[Site "Montreal CAN"]
[Date "1987.07.29"]
[Round "4"]
[White "Leveille, Francois"]
[Black "Ivanov, Igor V"]
[Result "0-1"]
[WhiteElo "2300"]
[BlackElo "2488"]
[PlyCount "122"]
[GameId "2160767912583907"]
[EventDate "1987.07.26"]
[EventType "swiss"]
[EventRounds "8"]
[EventCountry "CAN"]
[SourceTitle "EXT 2022"]
[Source "ChessBase"]
[SourceDate "2021.10.06"]
[SourceVersion "1"]
[SourceVersionDate "2021.10.06"]
[SourceQuality "1"]

1. e4 e5 2. Nf3 Nc6 3. Bb5 a6 4. Ba4 Nf6 5. O-O Be7 6. Re1 b5 7. Bb3 d6 8. c3 O-O 9. h3 h6 10. d4 Re8 11. Nbd2 Bf8 12. Nf1 Bd7 13. Ng3 Na5 14. Bc2 c5 15. b3 Nc6 16. d5 Ne7 17. Be3 Nc8 18. Qd2 Nb6 19. Nh2 a5 20. f3 a4 21. Rac1 axb3 22. axb3 Ra2 23. Rf1 Qe7 24. Ng4 Nh7 25. f4 Bxg4 26. hxg4 g6 27. fxe5 Qxe5 28. Bf4 Qe7 29. Qd3 c4 30. bxc4 bxc4 31. Qd4 Qc7 32. Qd2 Ng5 33. Rf2 Nd7 34. Bxg5 hxg5 35. Qxg5 Bg7 36. Qf4 Nc5 37. Bb1 Be5 38. Qf3 Rxf2 39. Qxf2 Nb3 40. Rc2 Bxg3 41. Qxg3 Rxe4 42. Ra2 Qc5+ 43. Kh2 Re8 44. Qf3 Re3 45. Qf4 Re8 46. Qf3 Qe3 47. Ra6 Qh6+ 48. Qh3 Qc1 49. Bxg6 fxg6 50. Rxd6 Qf4+ 51. Qg3 Qh6+ 52. Qh3 Qg7 53. g5 Nc5 54. Rf6 Ne4 55. Re6 Qf7 56. Qg4 Rxe6 57. dxe6 Qf5 58. e7 Kf7 59. Qe2 Qe6 60. Qa2 Kxe7 61. Kg1 Qc6 0-1

[Event "Quebec op"]
[Site "Montreal CAN"]
[Date "1987.07.31"]
[Round "6"]
[White "Gagnon, Michel"]
[Black "Ivanov, Igor V"]
[Result "0-1"]
[WhiteElo "1946"]
[BlackElo "2488"]
[PlyCount "52"]
[GameId "2160767912583954"]
[EventDate "1987.07.26"]
[EventType "swiss"]
[EventRounds "8"]
[EventCountry "CAN"]
[SourceTitle "EXT 2022"]
[Source "ChessBase"]
[SourceDate "2021.10.06"]
[SourceVersion "1"]
[SourceVersionDate "2021.10.06"]
[SourceQuality "1"]

1. e4 e5 2. Nf3 Nc6 3. Bb5 a6 4. Ba4 Nf6 5. d3 b5 6. Bb3 Be7 7. c3 O-O 8. Nbd2 d5 9. Qe2 Re8 10. Nf1 Na5 11. Bc2 c5 12. Ng3 h6 13. O-O Bf8 14. h3 Nc6 15. Nh2 Be6 16. Ng4 dxe4 17. Nxf6+ Qxf6 18. dxe4 Rad8 19. Re1 c4 20. Be3 Nd4 21. cxd4 exd4 22. Nh5 Qe7 23. Bxd4 Rxd4 24. Rad1 Rxd1 25. Rxd1 Bc8 26. Qd2 Qe5 0-1

[Event "Quebec op"]
[Site "Montreal CAN"]
[Date "1987.08.01"]
[Round "7"]
[White "Ivanov, Igor V"]
[Black "Bolduc, Steve"]
[Result "1-0"]
[WhiteElo "2488"]
[BlackElo "2190"]
[PlyCount "63"]
[GameId "2160767912583982"]
[EventDate "1987.07.26"]
[EventType "swiss"]
[EventRounds "8"]
[EventCountry "CAN"]
[SourceTitle "EXT 2022"]
[Source "ChessBase"]
[SourceDate "2021.10.06"]
[SourceVersion "1"]
[SourceVersionDate "2021.10.06"]
[SourceQuality "1"]

1. c4 e6 2. Nf3 d5 3. d4 Nf6 4. Nc3 c6 5. e3 Bd6 6. Bd3 O-O 7. e4 dxe4 8. Nxe4 Nxe4 9. Bxe4 Re8 10. O-O Nd7 11. Bg5 Qc7 12. c5 Bf4 13. Qc2 f5 14. Bxf4 Qxf4 15. Bd3 e5 16. Bxf5 e4 17. Qb3+ Kh8 18. Bxd7 Bxd7 19. Ne5 Be6 20. Qe3 Qf5 21. g4 Qf6 22. Qxe4 Bc4 23. Rfe1 Bd5 24. Qe3 Qh4 25. Qg3 Qh6 26. f4 Rf8 27. Rf1 Rad8 28. Rf2 Be4 29. Re1 Bd5 30. f5 Rde8 31. g5 Qh5 32. Rf4 1-0

[Event "Quebec op"]
[Site "Montreal CAN"]
[Date "1987.08.02"]
[Round "8"]
[White "Barbeau, Sylvain"]
[Black "Ivanov, Igor V"]
[Result "1/2-1/2"]
[WhiteElo "2360"]
[BlackElo "2488"]
[PlyCount "49"]
[GameId "2160767912583996"]
[EventDate "1987.07.26"]
[EventType "swiss"]
[EventRounds "8"]
[EventCountry "CAN"]
[SourceTitle "EXT 2022"]
[Source "ChessBase"]
[SourceDate "2021.10.06"]
[SourceVersion "1"]
[SourceVersionDate "2021.10.06"]
[SourceQuality "1"]

1. d4 Nf6 2. c4 g6 3. Nc3 Bg7 4. e4 d6 5. f4 c5 6. d5 O-O 7. Nf3 e6 8. Be2 Re8 9. e5 dxe5 10. fxe5 Ng4 11. Bg5 Qb6 12. Qd2 Nd7 13. O-O Ngxe5 14. Rae1 f6 15. Nxe5 fxg5 16. Nxd7 Bxd7 17. Bg4 Rad8 18. dxe6 Bd4+ 19. Kh1 Bxc3 20. bxc3 Bxe6 21. Bxe6+ Rxe6 22. Qxg5 Rxe1 23. Rxe1 Qd6 24. h4 Rf8 25. Qd5+ 1/2-1/2

[Event "CAN-ch"]
[Site "Baie-Comeau CAN"]
[Date "1987.06.??"]
[Round "1"]
[White "Barbeau, Sylvain"]
[Black "Ivanov, Igor V"]
[Result "0-1"]
[WhiteElo "2311"]
[BlackElo "2561"]
[PlyCount "92"]
[GameId "2160767912649605"]
[EventDate "1987.06.22"]
[EventType "tourn"]
[EventRounds "9"]
[EventCountry "CAN"]
[SourceTitle "EXT 2002"]
[Source "ChessBase"]
[SourceDate "2001.11.25"]
[SourceVersion "1"]
[SourceVersionDate "2001.11.25"]
[SourceQuality "1"]

1. d4 Nf6 2. c4 c6 3. Nc3 d5 4. cxd5 cxd5 5. Nf3 Nc6 6. Bf4 e6 7. e3 Bd6 8. Bg3 Bxg3 9. hxg3 Qb6 10. Qb3 Qxb3 11. axb3 Bd7 12. Bb5 Ke7 13. Ke2 Rhc8 14. Nd2 a6 15. Bxc6 Rxc6 16. f3 Rd8 17. Rhc1 Rdc8 18. Na2 Rxc1 19. Rxc1 Rxc1 20. Nxc1 Bb5+ 21. Kf2 Kd6 22. Nb1 a5 23. Nc3 Ba6 24. Ke1 Nd7 25. N1e2 f6 26. Kd2 e5 27. g4 g6 28. Ng3 b6 29. Nce2 Nf8 30. Kc3 Ne6 31. Kd2 Nd8 32. Nc1 Nc6 33. Nge2 Nb4 34. Ng3 Ke6 35. Kc3 Bb5 36. Kd2 Be8 37. Kc3 h5 38. gxh5 gxh5 39. Kd2 h4 40. Nge2 Bb5 41. Ke1 Ba6 42. Kd2 Kf5 43. Kc3 Na2+ 44. Kd2 Nxc1 45. Nxc1 exd4 46. exd4 Kf4 0-1

[Event "CAN-ch"]
[Site "Baie-Comeau CAN"]
[Date "1987.06.??"]
[Round "5"]
[White "Jauregui, Carlos"]
[Black "Ivanov, Igor V"]
[Result "0-1"]
[WhiteElo "2280"]
[BlackElo "2510"]
[PlyCount "61"]
[GameId "2160767912649626"]
[EventDate "1987.06.22"]
[EventType "tourn"]
[EventRounds "9"]
[EventCountry "CAN"]
[SourceTitle "EXT 2002"]
[Source "ChessBase"]
[SourceDate "2001.11.25"]
[SourceVersion "1"]
[SourceVersionDate "2001.11.25"]
[SourceQuality "1"]

1. Nf3 c5 2. g3 g6 3. Bg2 Bg7 4. O-O Nc6 5. d3 Nf6 6. e4 O-O 7. Nc3 d5 8. Re1 d4 9. Na4 Nd7 10. c4 dxc3 11. Nxc3 Nde5 12. Nxe5 Nxe5 13. Nd5 e6 14. Nf4 b6 15. Qa4 Bd7 16. Qb3 a5 17. a4 Bc8 18. Be3 Ra7 19. Red1 Rd7 20. Qb5 Rd6 21. h4 Nc6 22. Qb3 Ba6 23. Bf1 Nd4 24. Bxd4 Rxd4 25. Rab1 Qd6 26. Ne2 Rxd3 27. Nc3 Bd4 28. Kg2 Bxf2 29. Rxd3 Bxd3 30. Kxf2 Qd4+ 31. Kg2 0-1

[Event "CAN-ch"]
[Site "Baie-Comeau CAN"]
[Date "1987.06.??"]
[Round "7"]
[White "Hergott, Deen"]
[Black "Ivanov, Igor V"]
[Result "1/2-1/2"]
[WhiteElo "2280"]
[BlackElo "2510"]
[PlyCount "59"]
[GameId "2160767912649636"]
[EventDate "1987.06.22"]
[EventType "tourn"]
[EventRounds "9"]
[EventCountry "CAN"]
[SourceTitle "EXT 2002"]
[Source "ChessBase"]
[SourceDate "2001.11.25"]
[SourceVersion "1"]
[SourceVersionDate "2001.11.25"]
[SourceQuality "1"]

1. d4 g6 2. c4 Bg7 3. Nc3 c5 4. d5 Bxc3+ 5. bxc3 f5 6. h4 Nf6 7. h5 gxh5 8. d6 Qa5 9. dxe7 Nc6 10. e3 d6 11. Ne2 Kxe7 12. Nf4 Be6 13. Rb1 b6 14. Nxe6 Kxe6 15. Rxh5 Nxh5 16. Qd5+ Ke7 17. Qxc6 Nf6 18. Bd3 Rae8 19. Bd2 Kf7 20. Bxf5 Rhf8 21. g4 Qxa2 22. g5 Re5 23. Qc7+ Kg8 24. gxf6 Rxf6 25. Bd3 Rh5 26. Qc8+ Kf7 27. Qd7+ Kf8 28. Qd8+ Kf7 29. Qd7+ Kf8 30. Qd8+ 1/2-1/2

[Event "CAN-ch"]
[Site "Baie-Comeau CAN"]
[Date "1987.??.??"]
[Round "8"]
[White "Ivanov, Igor V"]
[Black "Gentes, Kevin"]
[Result "1-0"]
[WhiteElo "2510"]
[BlackElo "2210"]
[PlyCount "101"]
[GameId "2160767912649640"]
[EventDate "1987.06.22"]
[EventType "tourn"]
[EventRounds "9"]
[EventCountry "CAN"]
[SourceTitle "EXT 2002"]
[Source "ChessBase"]
[SourceDate "2001.11.25"]
[SourceVersion "1"]
[SourceVersionDate "2001.11.25"]
[SourceQuality "1"]

1. c4 c6 2. d4 d5 3. Nf3 e6 4. Nbd2 Nf6 5. e3 c5 6. b3 Nc6 7. Bb2 Be7 8. Bd3 O-O 9. O-O b6 10. Rc1 Bb7 11. Qe2 cxd4 12. exd4 dxc4 13. bxc4 a6 14. Rfd1 b5 15. d5 exd5 16. cxb5 Nb4 17. Bb1 axb5 18. Bxf6 Bxf6 19. Qxb5 Qe7 20. Re1 Ba6 21. Qa4 Qd6 22. Qd1 Nd3 23. Bxd3 Bxd3 24. Nb3 Bg6 25. Qd2 h6 26. Rcd1 Rfd8 27. Nfd4 Bg5 28. Qe2 Qa6 29. Qg4 Qc8 30. Qxc8 Rdxc8 31. Re2 Bf6 32. f3 Rc4 33. Nb5 Rca4 34. Nc7 Rxa2 35. Rxa2 Rxa2 36. Nxd5 Bg5 37. Nd4 Ra8 38. g3 Bd8 39. Nc6 Ba5 40. Kg2 Ra6 41. Ra1 Rxc6 42. Ne7+ Kh7 43. Nxc6 Bc3 44. Ra7 f6 45. Ne7 Bb1 46. Rb7 Ba2 47. Nf5 Kg6 48. g4 Kg5 49. Rxg7+ Kf4 50. Rc7 Be5 51. Ra7 1-0

[Event "Estival Specialiste"]
[Site "Montreal CAN"]
[Date "1987.06.21"]
[Round "4"]
[White "Leveille, Francois"]
[Black "Ivanov, Igor V"]
[Result "1-0"]
[WhiteElo "2220"]
[BlackElo "2488"]
[PlyCount "83"]
[GameId "2160767912649658"]
[EventDate "1987.06.19"]
[EventType "swiss"]
[EventRounds "4"]
[EventCountry "CAN"]
[SourceTitle "Matou #22"]

1. e4 c5 2. Nf3 Nc6 3. d4 cxd4 4. Nxd4 g6 5. Nb3 Bg7 6. Be2 Nf6 7. Nc3 O-O 8. O-O a6 9. a4 d6 10. Bg5 Be6 11. f4 Rc8 12. Kh1 Na5 13. f5 Bxb3 14. cxb3 Rxc3 15. Bxf6 Rxb3 16. Bxg7 Kxg7 17. Bc4 Rb4 18. Bd5 Nc6 19. Ra3 Ne5 20. Qd2 a5 21. Rh3 h5 22. b3 Rh8 23. Rc3 Qb6 24. fxg6 fxg6 25. Qg5 Qd8 26. Rfc1 Rf8 27. h3 Nc6 28. Rg3 Rf6 29. Qxh5 Ne5 30. Qg5 b5 31. Rgc3 e6 32. Rc7+ Nd7 33. Qg4 Rc4 34. Rxd7+ Qxd7 35. bxc4 Qf7 36. cxb5 exd5 37. b6 Rf1+ 38. Rxf1 Qxf1+ 39. Kh2 Qb1 40. Qd7+ Kh6 41. Qxd6 dxe4 42. Qf4+ 1-0

[Event "Quebec-ch"]
[Site "Montreal CAN"]
[Date "1987.05.27"]
[Round "1"]
[White "Barbeau, Sylvain"]
[Black "Ivanov, Igor V"]
[Result "0-1"]
[WhiteElo "2343"]
[BlackElo "2495"]
[PlyCount "78"]
[GameId "2160767912649680"]
[EventDate "1987.05.27"]
[EventType "tourn"]
[EventRounds "9"]
[EventCountry "CAN"]

1. d4 Nf6 2. c4 e6 3. Nc3 Bb4 4. Nf3 b6 5. Qb3 c5 6. dxc5 bxc5 7. g3 Nc6 8. Bg2 Ba6 9. O-O O-O 10. Rd1 Na5 11. Qa4 Bxc4 12. Ne5 d5 13. e4 d4 14. Nxc4 Nxc4 15. a3 Nb6 16. Qa6 Bxc3 17. bxc3 e5 18. a4 Qc8 19. Qb5 Rb8 20. cxd4 Nbd7 21. Qa5 cxd4 22. Ba3 Re8 23. Rdc1 Qb7 24. Rc7 Qb3 25. Rxa7 Nb6 26. Qb4 Qxb4 27. Bxb4 Nc8 28. Bc5 Nxa7 29. Bxa7 Ra8 30. Bc5 Nd7 31. Bb4 Reb8 32. Be1 Nc5 33. a5 Rb2 34. Bf1 d3 35. Rd1 Rb3 36. f3 h5 37. Rc1 Ne6 38. Kf2 Nd4 39. Rd1 Nxf3 0-1

[Event "Quebec-ch"]
[Site "Montreal CAN"]
[Date "1987.05.28"]
[Round "2"]
[White "Ivanov, Igor V"]
[Black "Leveille, Francois"]
[Result "1-0"]
[WhiteElo "2495"]
[BlackElo "2249"]
[PlyCount "39"]
[GameId "2160767912649686"]
[EventDate "1987.05.27"]
[EventType "tourn"]
[EventRounds "9"]
[EventCountry "CAN"]

1. Nf3 Nf6 2. c4 e6 3. g3 d5 4. Bg2 Be7 5. d4 O-O 6. O-O c5 7. cxd5 Nxd5 8. e4 Nb6 9. dxc5 Qxd1 10. Rxd1 Bxc5 11. Nc3 Nc6 12. Bf4 Bd7 13. Rac1 Rfc8 14. Nb5 Ne5 15. Nc7 Rxc7 16. Nxe5 Ba4 17. b3 Bb5 18. Nd3 Bxd3 19. Bxc7 Ba3 20. Rc3 1-0

[Event "Quebec-ch"]
[Site "Montreal CAN"]
[Date "1987.05.29"]
[Round "3"]
[White "Bolduc, Steve"]
[Black "Ivanov, Igor V"]
[Result "0-1"]
[WhiteElo "2151"]
[BlackElo "2495"]
[PlyCount "66"]
[GameId "2160767912649688"]
[EventDate "1987.05.27"]
[EventType "tourn"]
[EventRounds "9"]
[EventCountry "CAN"]

1. d4 Nf6 2. c4 e6 3. Nf3 b6 4. Nc3 Bb4 5. Bg5 Bb7 6. e3 Bxc3+ 7. bxc3 d6 8. Be2 Nbd7 9. O-O h6 10. Bh4 g5 11. Bg3 Ne4 12. Bd3 f5 13. Nd2 h5 14. Bxe4 fxe4 15. f3 h4 16. Be1 exf3 17. Qc2 Rg8 18. d5 fxg2 19. Kxg2 Qe7 20. e4 O-O-O 21. Nb3 Ne5 22. Bf2 g4 23. Nd4 g3 24. hxg3 hxg3 25. Bg1 Qh7 26. Rf4 Nxc4 27. dxe6 Rde8 28. Re1 Rh8 29. Kf1 Ba6 30. Re2 Qh1 31. Qd3 Reg8 32. Nc6 g2+ 33. Kf2 Qxg1+ 0-1

[Event "Quebec-ch"]
[Site "Montreal CAN"]
[Date "1987.05.30"]
[Round "4"]
[White "Ivanov, Igor V"]
[Black "Cossette, Daniel"]
[Result "1-0"]
[WhiteElo "2495"]
[BlackElo "1954"]
[PlyCount "47"]
[GameId "2160767912649694"]
[EventDate "1987.05.27"]
[EventType "tourn"]
[EventRounds "9"]
[EventCountry "CAN"]

1. d4 d5 2. c4 e6 3. Nc3 c5 4. cxd5 cxd4 5. Qxd4 Nc6 6. Qd1 exd5 7. Qxd5 Bd7 8. Nf3 Nf6 9. Qd1 Bc5 10. e3 Qe7 11. Be2 O-O-O 12. O-O g5 13. b4 Bxb4 14. Bb2 g4 15. Nd4 Rdg8 16. Rb1 Nxd4 17. Qxd4 Bc5 18. Qf4 Bd6 19. Rfc1 Bc6 20. Qf5+ Kb8 21. Nb5 Bxb5 22. Bxf6 Bd7 23. Rxb7+ Kxb7 24. Qd5+ 1-0

[Event "Quebec-ch"]
[Site "Montreal CAN"]
[Date "1987.05.31"]
[Round "5"]
[White "Levtchouk, George"]
[Black "Ivanov, Igor V"]
[Result "0-1"]
[WhiteElo "2318"]
[BlackElo "2495"]
[PlyCount "90"]
[GameId "2160767912649699"]
[EventDate "1987.05.27"]
[EventType "tourn"]
[EventRounds "9"]
[EventCountry "CAN"]

1. d4 g6 2. c4 Bg7 3. e4 c5 4. d5 d6 5. Nf3 Nf6 6. Nc3 Bg4 7. Be2 Nbd7 8. O-O O-O 9. Bg5 h6 10. Bh4 a6 11. Nd2 Bxe2 12. Qxe2 Qb6 13. f4 Qxb2 14. Qd3 Nh5 15. Ne2 Nxf4 16. Nxf4 Qd4+ 17. Bf2 Qxd3 18. Nxd3 Bxa1 19. Rxa1 f6 20. Be3 Kh7 21. Rb1 Rfb8 22. Kf2 b5 23. Rc1 Ne5 24. Nxe5 fxe5 25. Ke2 b4 26. Rf1 Kg7 27. Kd3 a5 28. h4 a4 29. Rb1 Rf8 30. Nf1 Rfb8 31. h5 b3 32. a3 b2 33. Nd2 gxh5 34. Kc2 Kg6 35. Nf3 Rb3 36. Nh4+ Kh7 37. Nf5 Rg8 38. g3 h4 39. gxh4 Rg2+ 40. Bd2 Re2 41. h5 Rxe4 42. Rxb2 Rxc4+ 43. Kb1 Rg4 44. Nxe7 Rg1+ 45. Kc2 c4 0-1

[Event "Quebec-ch"]
[Site "Montreal CAN"]
[Date "1987.06.01"]
[Round "6"]
[White "Ivanov, Igor V"]
[Black "St Amand, Paul Jr"]
[Result "1-0"]
[WhiteElo "2495"]
[BlackElo "2082"]
[PlyCount "119"]
[GameId "2160767912649701"]
[EventDate "1987.05.27"]
[EventType "tourn"]
[EventRounds "9"]
[EventCountry "CAN"]

1. c4 Nf6 2. Nf3 c5 3. Nc3 e6 4. e4 Nc6 5. d4 cxd4 6. Nxd4 d6 7. Be2 Be7 8. O-O O-O 9. Be3 Bd7 10. Rc1 Nxd4 11. Qxd4 Bc6 12. b4 b6 13. Rfd1 Qb8 14. f4 Rd8 15. Bf3 Nd7 16. Qd2 Nf8 17. Qf2 Ng6 18. g3 Nf8 19. a3 Rd7 20. Bg2 Qe8 21. a4 Rc7 22. Nb5 Bxb5 23. cxb5 Rac8 24. Qd2 Qd7 25. Rxc7 Rxc7 26. Bh3 Qc8 27. f5 Rc2 28. Rc1 Rxc1+ 29. Qxc1 Qxc1+ 30. Bxc1 d5 31. fxe6 fxe6 32. exd5 exd5 33. Bg2 Nd7 34. Bxd5+ Kf8 35. Bd2 Ne5 36. Kf1 h5 37. Ke2 h4 38. Bf4 Ng6 39. Bb8 hxg3 40. hxg3 Bxb4 41. Bxa7 Ba5 42. Bb8 Ke7 43. Kf3 Kd7 44. Ke4 Kc8 45. Bd6 Kd7 46. Ba3 Be1 47. g4 Bc3 48. Bc1 Ne5 49. g5 Ng6 50. Be3 Kc7 51. Be6 Kb7 52. Bf5 Ne7 53. Bf4 Bb4 54. Ke5 Bd6+ 55. Kxd6 Nxf5+ 56. Ke6 Nd4+ 57. Kf7 Kc8 58. g6 Nf5 59. Be5 Ne7 60. Kxe7 1-0

[Event "Quebec-ch"]
[Site "Montreal CAN"]
[Date "1987.06.02"]
[Round "7"]
[White "Girard, Robin"]
[Black "Ivanov, Igor V"]
[Result "1-0"]
[WhiteElo "2105"]
[BlackElo "2495"]
[PlyCount "69"]
[GameId "2160767912649704"]
[EventDate "1987.05.27"]
[EventType "tourn"]
[EventRounds "9"]
[EventCountry "CAN"]

1. e4 e6 2. d4 d5 3. Nc3 Bb4 4. e5 Ne7 5. a3 Bxc3+ 6. bxc3 c5 7. a4 Qa5 8. Bd2 Nbc6 9. Nf3 c4 10. g3 h6 11. h4 Bd7 12. Bh3 Nc8 13. h5 Nb6 14. Nh4 Nxa4 15. Qg4 Rh7 16. O-O Ne7 17. f4 Nf5 18. Nxf5 exf5 19. Qf3 O-O-O 20. g4 g6 21. Kh2 Rg7 22. hxg6 fxg6 23. gxf5 Bxf5 24. Bxf5+ gxf5 25. Qh5 Rdg8 26. Qxf5+ Kb8 27. Rg1 Rxg1 28. Rxg1 Rxg1 29. Kxg1 Nb6 30. e6 Qa1+ 31. Kf2 Qh1 32. Qe5+ Kc8 33. f5 Qh4+ 34. Qg3 Qe4 35. Qf4 1-0